Normal view
MARC view
Entry Personal Name
001 - CONTROL NUMBER
- control field: 29116
003 - CONTROL NUMBER IDENTIFIER
- control field: ARRUPE
005 - DATE AND TIME OF LATEST TRANSACTION
- control field: 20170228094528.0
008 - FIXED-LENGTH DATA ELEMENTS
- fixed length control field: 170228|| aca||aabn | a|a d
040 ## - CATALOGING SOURCE
- Original cataloging agency: ARRUPE
- Transcribing agency: ARRUPE
100 ## - HEADING--PERSONAL NAME
- Personal name: Richardson , Cyril C. (ed.) et. al.
670 ## - SOURCE DATA FOUND
- Source citation: Work cat.: (ARRUPE)33530: Early Christian Fathers